| Tag |
First Indicator |
Second Indicator |
Subfields |
| LEADER |
00000cam a2200000 a 4500 |
| 001 |
in00000031226 |
| 005 |
20151007060335.0 |
| 008 |
880616s1988 mnu 10000 eng d |
| 035 |
|
|
|a (OCoLC)18096642
|
| 035 |
|
|
|9 AAC0617AM
|
| 040 |
|
|
|a DJB
|c DJB
|d UtOrBLW
|
| 049 |
|
|
|a TXAM
|c [A10991315]
|
| 050 |
|
4 |
|a S583.2
|b .A375 1988
|
| 245 |
0 |
0 |
|a Agricultural chemicals and groundwater protection :
|b suggested directions for consideration and action : recommendations from the conference, Agricultural chemicals and groundwater protection : emerging management and policy, October 1987, St. Paul, Minnesota /
|c sponsored by: Freshwater Foundation [and others] ; in cooperation with: Soil Conservation Service--USDA [and others].
|
| 264 |
|
1 |
|a Navarre, Minn. :
|b The Foundation,
|c [1988]
|
| 264 |
|
4 |
|c ©1988
|
| 300 |
|
|
|a 10 pages ;
|c 28 cm.
|
| 336 |
|
|
|a text
|b txt
|2 rdacontent
|
| 337 |
|
|
|a unmediated
|b n
|2 rdamedia
|
| 338 |
|
|
|a volume
|b nc
|2 rdacarrier
|
| 500 |
|
|
|a Cover title.
|
| 650 |
|
0 |
|a Agricultural chemicals
|x Environmental aspects
|v Congresses.
|
| 650 |
|
0 |
|a Groundwater
|x Pollution
|v Congresses.
|
| 650 |
|
0 |
|a Agricultural pollution
|v Congresses.
|
| 710 |
2 |
|
|a Freshwater Foundation.
|
| 710 |
1 |
|
|a United States.
|b Soil Conservation Service.
|
| 999 |
|
|
|a MARS
|
| 999 |
f |
f |
|s 65de1e6c-9d59-3c44-ad26-4cae2a6f354d
|i 3cb6ea0f-e76d-3d77-b6fb-ee8c7b7e78cd
|t 0
|
| 952 |
f |
f |
|p ric
|a Texas A&M University
|b Rellis Campus
|c Joint Library Facility
|d Remote Storage
|t 0
|e S583.2 .A375 1988
|h Library of Congress classification
|i unmediated -- volume
|m A14810991315
|
| 998 |
f |
f |
|a S583.2 .A375 1988
|t 0
|l Remote Storage
|